Prosodia, o, Tiempo de la sylaba latina, segun el libro quinto de el arte de el P. Juan Luis de la Cerda de la Compañia de Jesus / por el P. Santiago de Zamora de la misma Compañia

Detalles Bibliográficos
Autor principal: Zamora, Santiago de, S. J., 1670-1737
Otros Autores: Cerda, Juan Luis de la, S. J., 1560-1643, Horacio. De arte poetica ad Pisones
Formato: Libro
Lenguaje:Spanish
Publicado: reimpresso en Mexico : en la imprenta del Nuevo Rezado de los herederos de Doña Maria de Rivera, calle de San Bernardo y esquina de la Plazuela del Volador, 1764.
Edición:Nuevamente pulida, y mejorada por su author á los estudiantes seminaristas de la misma Compañia
Materias:
Colección:Banco de datos
Acervo:Seminario Conciliar de Nuestra Señora de Guadalupe Querétaro. Qro.. Biblioteca Florencio Rosas. Fondo Reservado
Descripción Física:[3] h., 51 p. ; 8°
Tema general:Latín - Sintaxis
Notas:Portada tipográfica con orla y escudo de la Sociedad de Jesús en grabado xilográfico. Texto a renglón seguido con paginación en números arábigos, apostillas marginales, signaturas y reclamos. Encuadernación en piel sobre cartón. Daños de humedad y en la encuadernación, faltan fragmentos de piel
LEADER 01532nam a22002410004500
035 |a 2646 
041 0 |a spa 
100 1 |a Zamora, Santiago de, S. J., 1670-1737  
245 1 0 |a Prosodia, o, Tiempo de la sylaba latina, segun el libro quinto de el arte de el P. Juan Luis de la Cerda de la Compañia de Jesus / por el P. Santiago de Zamora de la misma Compañia  
250 |a Nuevamente pulida, y mejorada por su author á los estudiantes seminaristas de la misma Compañia  
260 |a reimpresso en Mexico : en la imprenta del Nuevo Rezado de los herederos de Doña Maria de Rivera, calle de San Bernardo y esquina de la Plazuela del Volador, 1764.  
300 |a [3] h., 51 p. ; 8° 
500 |a Portada tipográfica con orla y escudo de la Sociedad de Jesús en grabado xilográfico. Texto a renglón seguido con paginación en números arábigos, apostillas marginales, signaturas y reclamos. Encuadernación en piel sobre cartón. Daños de humedad y en la encuadernación, faltan fragmentos de piel  
501 |a 1 obra 
505 0 0 |a Prosodia, o, Tiempo de la sylaba latina, p. 1-39.-- Horatius De arte poetica ad Pisones, p. 45-51 
650 1 0 |a Latín - Sintaxis 
700 1 |a Cerda, Juan Luis de la, S. J., 1560-1643  
700 1 |a Horacio. De arte poetica ad Pisones 
740 0 |a Tiempo de la sylaba latina 
949 |a Fondo Reservado: 6069-A 
942 |c QUER-RES 
943 |g Seminario Conciliar de Nuestra Señora de Guadalupe Querétaro. Qro.. Biblioteca Florencio Rosas. Fondo Reservado 
999 |c 1110310  |d 1110310